| 000 | 00799nmc a2200289 a 4500 | ||
|---|---|---|---|
| 003 | AR-BaBNM | ||
| 005 | 20251128210622.0 | ||
| 008 | 010020s1981 ||||||||||||||000 | spa|| | ||
| 040 | _cAR-BaBNM | ||
| 100 | 1 |
_aCampo, Estanislao del _d1834-1880 |
|
| 245 | 1 | 0 |
_aFausto _bimpresiones del gaucho Anastasio el Pollo en la representación de esta ópera |
| 260 |
_aBuenos Aires _bDe Belgrano _c1981 |
||
| 300 | 0 | _a127 p. | |
| 490 | 0 | _aClásicos argentinos | |
| 650 | 4 | _aLITERATURA ARGENTINA | |
| 650 | 4 | _aOPERA | |
| 650 | 4 | _aPOESIA | |
| 650 | 4 | _aESCRITORES | |
| 650 | 4 | _aHUMOR | |
| 650 | 4 | _aCOSTUMBRES Y TRADICIONES | |
| 653 | 0 | _aGAUCHOS | |
| 653 | 0 | _aLITERATURA GAUCHESCA | |
| 655 | _aLITERATURA | ||
| 700 | 1 |
_aAnderson Imbert, Enrique _eprologuista |
|
| 942 | _cBK | ||
| 998 | _cMARTIN | ||
| 999 |
_c16207 _d16207 |
||